00290cam a22000857a 4500008004000000082002000040245008700060260004800147300000900195180718b2010 xxu||||| |||| 00| 0 eng d aT12103x54 C738H aBhartiya pratispradha kanoon: Ek Sanshipt parichaycBy. Bhartiya Pratispradha Ayog aNew DelhibBhartiya Pratispradha Ayogc2010 a34p.